00951nam a2200241 i 4500003000900000005001700009007000300026008004100029040003000070082001600100110003300116240001800149245017100167264005400338300002600392590002700418650006700445650003100512910001400543942001300557952012200570999001700692DO-SdBNP20260129125203.0ta210823b1996 dr ||||| |||| 00| 0 eng d aDO-SdBNPbspacBNPHUerda axxxxbR426L1 aRepública Dominicana.944710a[Leyes, etc.]10aLey No. 5353 de Habeas Corpus del 22 de octubre del 1914 G.O. No. 2550 :bJurisprudencia en materia de Habeas Corpus. Formularios del procedimiento de Habeas Corpus / 1aSanto Domingo :b[editor no identificado],c1996. a27 páginas c21 cm. aInventariado, 2023/ YL 4aSeguridad socialxLegislaciónzRepública Dominicana914351 0aLegislación social91149 aYLockward 2ddccLF2 00102ddc51708DS-FaBNPHUbBNPHUcCTd2022-05-19eUri Rivasl0oxxxx R426Lp2023-5415r2023-08-17w2023-08-17yLF2 c54460d54460